000 01249nam a22001577a 4500
999 _c523060
_d523060
008 230628b ||||| |||| 00| 0 eng d
100 _aMishra, Santap Sanhari
_942012
245 _a‘5T’ Approach to governance transformation: Finding a doctrinal basis for further research
260 _aIndian Journal of Public Administration
300 _a69(2), Jun, 2023: p.400-414
520 _aPublic management reform is a continuum that accommodates various reform approaches with the passage of time. The basic objective of such approaches is to transform governance by enabling the swifter and better delivery of public services to citizens. In 2019, the government of Odisha, a state in India, introduced teamwork, transparency, technology and a time-bound programme for transforming governance (popularly called the 5Ts), aiming to provide good governance to its citizens. This article searches for a proper theory to fit this popular practice of the 5Ts approach to governance and also proposes models for carrying out further research. – Reproduced
650 _a5Ts, Governance, Transformation, Public management, Odisha.
_939172
773 _aIndian Journal of Public Administration
906 _aPUBLIC ADMINISTRATION
942 _cAR